00314nam a2200133Ia 4500008004100000020001500041041001200056082001600068100001300084245003500097260002800132300000800160650001200168221030s9999 xx 000 0 und d a8172246994 aEnglish a105.23bJon aG. Jones 0aHow to Manage Computer at Work bJaico Pub,aDelhic1998 a154 aGeneral